000 00849nam a2200301Ia 4500
001 18832
003 IT-RoPAU
008 130308s9999 xx 000 0 und d
040 _aIT-RoPAU
040 _cIT-RoPAU
041 _aFRANCESE
100 _aPottier Bernard
100 _gCodice Aut. SPICS: 12924
245 _aEspagnol (L')
245 _bLangage (Le)
250 _a2a ed.
260 _aPARIS
260 _bGallimard
260 _c1973 [1° Ed.:1968 - Ed.Ling.Originale:1968]
300 _a"19 p. (prefazione: no ; testo: 19 [pagine: 887-905])"
500 _aLingua spagnola Fonologia caratteristiche Prosodiche Fonematiche Struttura Grammaticale Unità Significative forme dei Significati
650 _aLINGUISTICA
650 _eCodice materia Spics: 3201
942 _cBK
957 _71
999 _c39264
_d39264
999 _bSI
999 _g1